Social science as moral inquiry /

Bibliographic Details
Other Authors: Haan, Norma
Format: Book
Language:English
Published: New York : Columbia University Press, 1983.
Subjects:

MARC

Tag First Indicator Second Indicator Subfields
LEADER 00000pam a2200000 a 4500
001 in00000332813
005 20151011060803.0
008 821013s1983 nyu b 00100 eng
010 |a  82019840  
020 |a 0231056486 :  |c $27.50 
020 |a 0231056494 (pbk.) :  |c $10.00 
035 |a (OCoLC)08931235 
035 |9 ABM6586AM 
039 0 |a 2  |b 3  |c 3  |d 3  |e 3 
040 |a DLC  |c DLC  |d TXA  |d UtOrBLW 
049 |a TXAM  |c [775714] 
050 0 0 |a H61  |b  S58994 1983 
082 0 |a 174/.9301  |2 19 
245 0 0 |a Social science as moral inquiry /  |c [edited by] Norma Haan ... [and others]. 
264 1 |a New York :  |b Columbia University Press,  |c 1983. 
300 |a xiv, 392 pages ;  |c 24 cm. 
336 |a text  |b txt  |2 rdacontent 
337 |a unmediated  |b n  |2 rdamedia 
338 |a volume  |b nc  |2 rdacarrier 
504 |a Includes bibliographical references and index. 
650 0 |a Social sciences  |x Moral and ethical aspects. 
700 1 |a Haan, Norma. 
999 |a MARS 
999 f f |s e77624db-537d-3816-a4a8-e1b3da72e81e  |i d11a218b-7276-3a55-9afb-31b694f380a1  |t 0 
952 f f |p ric  |a Texas A&M University  |b Rellis Campus  |c Joint Library Facility  |d Remote Storage  |t 0  |e H61 S58994 1983  |h Library of Congress classification  |i unmediated -- volume  |m A14807707642 
998 f f |a H61 S58994 1983  |t 0  |l Remote Storage